| 000 | 00927cam a2200277 a 4500 | ||
|---|---|---|---|
| 999 |
_c529255 _d529255 |
||
| 001 | 2543591 | ||
| 005 | 20190923144542.0 | ||
| 008 | 941014s1995 njua 001 0 eng | ||
| 010 | _a 94041381 | ||
| 020 | _a978-0136077909 | ||
| 020 | _a0136077900 | ||
| 040 |
_aDLC _cDLC _dDLC |
||
| 050 | 0 | 0 |
_aTA350 _b.H48 1995 |
| 082 | 0 | 0 |
_a620.103 _220 _bHIB |
| 100 | 1 |
_aHibbeler, R. C. _91019 |
|
| 245 | 1 | 0 |
_aEngineering mechanics statics _cR.C. Hibbeler. |
| 246 | 1 | 4 | _aEngineering mechanics--statics and dynamics |
| 250 | _a12th ed. | ||
| 260 |
_aEnglewood Cliffs, N.J. : _bUpper Saddle River, _cc2010. |
||
| 300 |
_a655 p. : _bcol. ill. ; _c25 cm. |
||
| 500 | _aIncludes index. | ||
| 650 | 0 |
_aMechanics, Applied. _913090 |
|
| 906 |
_a7 _bcbc _corignew _d1 _eocip _f19 _gy-gencatlg |
||
| 942 |
_2ddc _cBK |
||